On-line information processing through mini and micro computers (Record no. 17561)

MARC details
000 -LEADER
fixed length control field 00720nam a2200217Ia 4500
082 ## - DEWEY DECIMAL CLASSIFICATION NUMBER
Classification number 025.04 ONL;
245 #0 - TITLE STATEMENT
Title On-line information processing through mini and micro computers
260 ## - PUBLICATION, DISTRIBUTION, ETC. (IMPRINT)
Place of publication New Delhi
Name of publisher Society for Information Science
Year of publication 1987
300 ## - PHYSICAL DESCRIPTION
Number of Pages ix, 267p.
440 ## - SERIES STATEMENT/ADDED ENTRY--TITLE
Title SISTRANS; 8
504 ## - BIBLIOGRAPHY, ETC. NOTE
Bibliography, etc Proceedings of the sixth annual convention and conference, CEERI, Pilani, December 4-6, 1986
650 ## - SUBJECT ADDED ENTRY--TOPICAL TERM
Topical Term Information storage and retrieval systems
650 ## - SUBJECT ADDED ENTRY--TOPICAL TERM
Topical Term Database management
650 ## - SUBJECT ADDED ENTRY--TOPICAL TERM
Topical Term Computer science
650 ## - SUBJECT ADDED ENTRY--TOPICAL TERM
Topical Term Information science
650 ## - SUBJECT ADDED ENTRY--TOPICAL TERM
Topical Term Online data processing
650 ## - SUBJECT ADDED ENTRY--TOPICAL TERM
Topical Term Library science - Data processing
700 ## - ADDED ENTRY--PERSONAL NAME
Personal name Nagarajan, S.
700 ## - ADDED ENTRY--PERSONAL NAME
Personal name Jain, H.C.
942 ## - ADDED ENTRY ELEMENTS (KOHA)
Koha item type Books
Holdings
Withdrawn status Lost status Damaged status Not for loan Home library Current library Date acquired Bill Date Full call number Accession Number Price effective from Koha item type
        NASSDOC Library NASSDOC Library 08/06/2004 2004-10-22 025.04 ONL; 27799 18/04/2019 Books